| 000 | 00772cam a22002773a 4500 | ||
|---|---|---|---|
| 001 | 9646 | ||
| 003 | PGUSA | ||
| 005 | 20140828083214.0 | ||
| 008 | 060101s2006||||xxu|||||s|||||000 p eng d | ||
| 040 |
_aPGUSA _beng |
||
| 042 | _adc | ||
| 050 | 4 | _aPA | |
| 100 | 1 |
_aHorace, _d-65--8 |
|
| 245 | 1 | 0 |
_aHorace : _bOdes and Epodes _h[electronic resource] / _cHorace |
| 260 |
_bProject Gutenberg, _c2006 |
||
| 506 | _aPublic domain in the USA. | ||
| 516 | _aElectronic text | ||
| 653 | _aRome -- Poetry | ||
| 653 | _aLaudatory poetry, Latin | ||
| 653 | _aVerse satire, Latin | ||
| 700 | 1 |
_aShorey, Paul, _d1857-1934 |
|
| 700 | 1 |
_aLaing, Gordon Jennings, _d1869-1945 |
|
| 830 | 0 |
_aProject Gutenberg _v9646 |
|
| 856 | 4 | 0 | _uhttp://www.gutenberg.org/ebooks/9646 |
| 942 | _cEB | ||
| 999 |
_c238902 _d238902 |
||